New technology based firms in the united kingdom and the federal republic of Germanyc (Record no. 14045)
[ view plain ]
| 000 -LEADER | |
|---|---|
| fixed length control field | 00350nam a22001217a 4500 |
| 020 ## - INTERNATIONAL STANDARD BOOK NUMBER | |
| International Standard Book Number | 0905492048 |
| 082 ## - DEWEY DECIMAL CLASSIFICATION NUMBER | |
| Classification number | 338.0941 ART |
| 100 ## - MAIN ENTRY--PERSONAL NAME | |
| Personal name | Arthur, DLittle |
| 245 ## - TITLE STATEMENT | |
| Title | New technology based firms in the united kingdom and the federal republic of Germanyc |
| 260 ## - PUBLICATION, DISTRIBUTION, ETC. | |
| Place of publication, distribution, etc. | England |
| Name of publisher, distributor, etc. | Wilton House |
| Date of publication, distribution, etc. | 1977 |
| 300 ## - PHYSICAL DESCRIPTION | |
| Extent | ix, 323p. |
| Other physical details | ill, 26cm. |
| 942 ## - ADDED ENTRY ELEMENTS (KOHA) | |
| Koha item type | Books |
| Withdrawn status | Lost status | Source of classification or shelving scheme | Damaged status | Not for loan | Home library | Current library | Shelving location | Date acquired | Full call number | Barcode | Date last seen | Price effective from | Koha item type |
|---|---|---|---|---|---|---|---|---|---|---|---|---|---|
| Dewey Decimal Classification | IFM Main Campus Library | IFM Main Campus Library | 11/14/2015 | 338.0941 ART | 0000005728 | 11/14/2015 | 11/14/2015 | Books |
